[Event "LSS RB-2010-0-00082"]
[Site "LSS email"]
[Date "2010.04.09"]
[Round "?"]
[White "Diaz, Francisco"]
[Black "Pott, Brian"]
[Result "0-1"]
[WhiteElo "1930"]
[BlackElo "1742"]
[PlyCount "30"]
[EventDate "2010.02.15"]
[EventType "tourn (corr)"]
[EventRounds "6"]
[EventCountry "GER"]
[SourceTitle "Corr 2013"]
[Source "ChessBase"]
[SourceDate "2012.11.12"]
[SourceVersion "1"]
[SourceVersionDate "2012.11.12"]
[SourceQuality "1"]

1. d4 Nf6 2. c4 g6 3. Nc3 Bg7 4. e4 d6 5. f3 0-0 6. Bg5 a6 7. Qd2 Nbd7 8. 0-0-0 b5 9. e5 b4 10. Na4 Ne8 11. Re1 f6 12. exf6 exf6 13. Be3 b3 14. axb3 f5 15. Bg5 Ndf6 0-1

[Event "LSS RB-2010-0-00082"]
[Site "LSS email"]
[Date "2010.04.09"]
[Round "?"]
[White "Maidana Guerra, Victor Ramon"]
[Black "Diaz, Francisco"]
[Result "1-0"]
[WhiteElo "1934"]
[BlackElo "1930"]
[PlyCount "31"]
[EventDate "2010.02.15"]
[EventType "tourn (corr)"]
[EventRounds "6"]
[EventCountry "GER"]
[SourceTitle "Corr 2013"]
[Source "ChessBase"]
[SourceDate "2012.11.12"]
[SourceVersion "1"]
[SourceVersionDate "2012.11.12"]
[SourceQuality "1"]

1. d4 Nf6 2. c4 e6 3. Nf3 b6 4. a3 Bb7 5. Nc3 d5 6. Bg5 Be7 7. Qa4+ Bc6 8. Qb3 0-0 9. e3 dxc4 10. Bxc4 Nbd7 11. Be2 h6 12. Bf4 Bd6 13. Ne5 Bxe5 14. dxe5 Nc5 15. Qc2 Nd5 16. 0-0 1-0